Internationalisation et autonomie de decision
Salvato in:
| Altri autori: | |
|---|---|
| Natura: | Libro |
| Lingua: | francese |
| Pubblicazione: |
Paris
Economica
1982
|
| Serie: | Collection Approfondissement de la connaissance economique
|
| Soggetti: | |
| Tags: |
Nessun Tag, puoi essere il primo ad aggiungerne!!
|
MARC
| LEADER | 00000nam$a2200000$$$4500 | ||
|---|---|---|---|
| 001 | 0113213 | ||
| 005 | 20240104132649.1 | ||
| 020 | |a 2-7178-0534-6 | ||
| 041 | 0 | |a fre | |
| 044 | |a FR | ||
| 245 | 1 | 0 | |a Internationalisation et autonomie de decision |c publié a l'initiative de: Henri Bourguinat |
| 264 | 1 | |a Paris |b Economica |c 1982 | |
| 300 | |a 562 s. | ||
| 490 | 1 | |a Collection Approfondissement de la connaissance economique | |
| 830 | 0 | |a Collection Approfondissement de la connaissance economique | |
| 610 | 2 | 0 | |a politika hospodárska |
| 610 | 2 | 0 | |a internacionalizácia ekonomiky |
| 610 | 2 | 0 | |a rozhodovanie individuálne |
| 700 | 1 | |a Bourguinat, Henri | |